| 000 | 00432nam a22001817a 4500 | ||
|---|---|---|---|
| 005 | 20200520134219.0 | ||
| 008 | 200520b xxu||||| |||| 00| 0 eng d | ||
| 020 | _a9789374735923 | ||
| 041 | _aeng | ||
| 082 | _a615.1 PAN | ||
| 100 |
_aPanda , Dr. U.N _95155 |
||
| 245 | _aEssentials of Pharmacology | ||
| 250 | _a1'st | ||
| 260 |
_aDelhi _bAITBS PUBLISHERS _c2019 |
||
| 300 | _a489 IX | ||
| 650 |
_aPharmacy _95615 |
||
| 942 | _cBK | ||
| 999 |
_c6331 _d6329 |
||